00154nam a22000617a 4500082001500000100002700015245005000042 a016.891421 aJhour, Giani Balwinder aJiwan Jhalkian /cGiani Balwinder singh Jhour